Le Vatican en images - Statistiques

Statistiques générales
  • Ce quiz a été pris 524 fois
    513 depuis la dernière actualisation
  • Le résultat moyen est 11 sur 18
Statistiques - réponses
Par images Hint Réponse % Correct
Pape François
96%
Langue Latin
94%
Peintre Michel-Ange
86%
Ville Rome
86%
Monument Chapelle Sixtine
77%
Véhicule Papamobile
76%
Force militaire Garde suisse pontificale
73%
Place Place Saint-Pierre
66%
Fleuve Tibre
62%
Pape Benoît XVI
61%
Dignité Cardinal
59%
Evènement Tentative d'assassinat de Jean-Paul II
59%
Film Anges et démons
53%
Ville Avignon
43%
Ancien Etat Etats pontificaux
41%
Concile Vatican II
32%
Evènement Sacre de Charlemagne
30%
Personne morale/surnom Saint-Siège
15%
Aucun quiz correspondant
Distribution des résultats
% des personnes avec chaque résultat
Percentile par nombre de réponses
Votre historique - résultats
Vous n’avez pas pris ce quiz depuis la dernière actualisation